000
00338nam a2200133Ia 4500
008
240624s9999 xx 000 0 und d
041
_a
eng
082
_a
332.6 NIS
100
_a
NATIONAL INSTITUTE OF SECURITIES MARKETS NISM
245
_a
MERCHANT BANKING
260
_c
2015
_a
New Delhi
_b
Taxmann
300
_a
208 , p.
365
_c
RS
_b
30
999
_c
28885
_d
28885